[Event "San Francisco TNM Summer op"]
[Site "San Francisco"]
[Date "2010.07.06"]
[Round "7"]
[White "Litowsky, Daniel"]
[Black "Fleming, Mark"]
[Result "1-0"]
[WhiteElo "1707"]
[BlackElo "1416"]
[PlyCount "107"]
[EventDate "2010.05.25"]
[EventType "swiss"]
[EventRounds "8"]
[EventCountry "USA"]
[SourceTitle "EXT 2012"]
[Source "ChessBase"]
[SourceDate "2011.11.24"]
[SourceVersion "1"]
[SourceVersionDate "2011.11.24"]
[SourceQuality "1"]

1. e4 e5 2. Nc3 Nf6 3. Bc4 Bb4 4. d3 Bxc3+ 5. bxc3 Nc6 6. a4 d5 7. exd5 Nxd5 8. Bd2 a5 9. h3 0-0 10. Nf3 Re8 11. 0-0 h6 12. Nh2 Nf4 13. Qf3 Qf6 14. Ng4 Qf5 15. Rae1 Ng6 16. Qg3 Be6 17. Bxe6 Rxe6 18. Bxh6 Rb8 19. Bd2 b5 20. Re4 bxa4 21. Rxa4 Rb2 22. f4 exf4 23. Bxf4 Nxf4 24. Raxf4 Qc5+ 25. d4 Qe7 26. d5 Qc5+ 27. Qf2 Qxf2+ 28. R1xf2 Re1+ 29. Rf1 Rxf1+ 30. Rxf1 Ne7 31. Ne3 Rb5 32. c4 Rc5 33. Ra1 g6 34. Kf2 Kf8 35. Kf3 Nf5 36. Ra4 Ke7 37. g4 Nd6 38. Ke2 Kf6 39. Kd3 Ke5 40. h4 f5 41. gxf5 gxf5 42. h5 f4 43. Ng4+ Kf5 44. Nf2 Kg5 45. Ne4+ Nxe4 46. Kxe4 f3 47. Kd4 Kf4 48. Ra1 f2 49. Kxc5 Kf3 50. h6 Ke2 51. h7 a4 52. h8Q f1Q 53. Rxf1 Kxf1 54. Qd4 1-0